Vplyv nových trendov v marketingovej komunikácii na konkurencieschopnosť podnikov diplomová práca

Saved in:
Bibliographic Details
Main Author: Erdélyiová, Miroslava
Corporate Author: Obchodná fakulta EU. Katedra informatiky obchodných firiem
Other Authors: Potisková, Ingrid
Format: Book
Language:Slovak
Published: Bratislava 2019
Tags: Add Tag
No Tags, Be the first to tag this record!

MARC

LEADER 00000nbm a2200000 4500
001 0254049
005 20191023135112.3
041 0 |a slo 
044 |a SK 
245 1 0 |a Vplyv nových trendov v marketingovej komunikácii na konkurencieschopnosť podnikov  |b diplomová práca  |c Miroslava Erdélyiová ; školiteľ: Ingrid Potisková 
264 1 |a Bratislava  |c 2019 
300 |a 70 s. 
100 1 |a Erdélyiová, Miroslava 
700 1 |a Potisková, Ingrid 
710 2 |a Obchodná fakulta EU. Katedra informatiky obchodných firiem